000 00656nam a22001937a 4500
005 20251108175028.0
008 250721s2011 xx 000 0 ara d
082 1 4 _a956.033/زيد
100 1 _aالزيدان، رباح حسن
245 1 0 _aالعقل العربي بين مد و جزر /
264 1 _aعمان :
_bالأهلية للنشر والتوزيع،
_c2011.
300 _a288 ص.
650 1 7 _aخلافة عثمان بن عفان 656-644
650 1 7 _aالفتنة الكبرى
650 1 7 _aخلافة علي بن أبي طالب 661-656
650 1 7 _aالخلفاء الراشدون 661-632
942 _2ddc
_cBK
999 _c124345
_d124345